Mario Party 5 Tag Team Names - Statistics

General Stats
  • This quiz has been taken 47 times
  • The average score is 12 of 45
Answer Stats
Hint Answer % Correct
Mario+Luigi Mario Bros.
85%
Mario+Peach Cutest Couple
69%
Luigi+Yoshi Green Bros.
46%
Yoshi+Boo Scary Dino
46%
Mario+Wario Alter Egos
38%
Luigi+Peach Green Escort
38%
Mario+Boo Old Acquaintances
38%
Mario+Waluigi Pseudo Bros
38%
Peach+Boo Royally Spooky
38%
Toad+Boo Scaredy Toad
38%
Waluigi+Toad Tall 'n' Small
38%
Peach+Waluigi Anti-Couple
31%
Daisy+Waluigi Awkward Data
31%
Mario+Toad Best Buds
31%
Yoshi+Koopa Kid Dino Cousins
31%
Daisy+Boo Haunted Flower
31%
Peach+Daisy Lordly Ladies
31%
Mario+Daisy Nice Couple
31%
Luigi+Daisy Steady Sweeties
31%
Mario+Koopa Kid Uneasy Allies
31%
Wario+Waluigi Wicked Bros.
31%
Wario+Koopa Kid Bad Baddies
23%
Yoshi+Toad Cute Buddies
23%
Mario+Yoshi Famous Combo
23%
Wario+Toad Mushroom Stinkers
23%
Boo+Koopa Kid Pure Evil
23%
Peach+Toad Royal Family
23%
Luigi+Boo Scare Pair
23%
Wario+Boo Spooky Spoilsports
23%
Yoshi+Waluigi Unhappy Dino
23%
Yoshi+Wario Food Fanatics
15%
Luigi+Koopa Kid Friendly Enemies
15%
Luigi+Toad Good Pals
15%
Daisy+Koopa Kid Gruding Allies
15%
Toad+Koopa Kid Little Guys
15%
Daisy+Wario Mismatched Pair
15%
Daisy+Toad Royal Pals
15%
Daisy+Yoshi Royal Ride
15%
Waluigi+Boo Scary Screechers
15%
Waluigi+Koopa Kid Cheap Chaps
8%
Peach+Yoshi Regal Friends
8%
Peach+Wario Royal Pain
8%
Peach+Koopa Kid Trouble Brewing
8%
Luigi+Waluigi Unlikely Bros
8%
Luigi+Wario Unloving Bros.
8%
No matching quizzes found
Score Distribution
Percent of People with Each Score
Percentile by Number Answered
Your Score History
You have not taken this quiz